New construction orders (Record no. 79244)

MARC details
000 -LEADER
fixed length control field 01203cad a22002175a 4500
001 - CONTROL NUMBER
control field L140299
008 - FIXED-LENGTH DATA ELEMENTS--GENERAL INFORMATION
fixed length control field 070917e20070913xxk f s f000 0 eng d
035 ## - SYSTEM CONTROL NUMBER
System control number (Sirsi) u140299
041 0# - LANGUAGE CODE
Language code of text/sound track or separate title eng
110 1# - MAIN ENTRY--CORPORATE NAME
Corporate name or jurisdiction name as entry element United Kingdom
Subordinate unit Department for Business, Enterprise and Regulatory Reform
9 (RLIN) 5262
245 00 - TITLE STATEMENT
Title New construction orders
Remainder of title July 2007
Medium [electronic resource]
260 ## - PUBLICATION, DISTRIBUTION, ETC.
Date of publication, distribution, etc. 2007
490 ## - SERIES STATEMENT
Series statement GNN Press Release
Volume/sequential designation (151535P) 13 September 2007
520 ## - SUMMARY, ETC.
Summary, etc. In the 12 months to July 2007, orders increased by 3% compared with the previous 12 months, but in the three months to July 2007, orders dropped by 4% compared to the same period in 2006. Orders in the three months to July 2007 were the same as the previous three months, with rises in public non-housing, infrastructure and public housing counterbalanced by decreases in private industrial, private housing and private commercial sectors.
590 ## - LOCAL NOTE (RLIN)
Local note KA
650 24 - SUBJECT ADDED ENTRY--TOPICAL TERM
Topical term or geographic name entry element DBERR NEW CONSTRUCTION ORDERS
651 #4 - SUBJECT ADDED ENTRY--GEOGRAPHIC NAME
Geographic name Great Britain
Chronological subdivision 1707-
690 ## - LOCAL SUBJECT ADDED ENTRY--TOPICAL TERM (OCLC, RLIN)
Topical term or geographic name as entry element BUILT ENVIRONMENT-CONSTRUCTION MARKET
856 40 - ELECTRONIC LOCATION AND ACCESS
Uniform Resource Identifier <a href="https://stats.bis.gov.uk/construction/neworders/200707/index.asp">https://stats.bis.gov.uk/construction/neworders/200707/index.asp</a>
Public note View the item free of charge at http://stats.bis.gov.uk
942 ## - ADDED ENTRY ELEMENTS (KOHA)
Suppress in OPAC 0
Holdings
Withdrawn status Lost status Source of classification or shelving scheme Damaged status Not for loan Home library Current library Shelving location Date acquired Total Checkouts Full call number Barcode Date last seen Copy number Price effective from Koha item type
    Dewey Decimal Classification     Virtual Virtual Online 17/09/2007   ONLINE PUBLICATION 140299-2001 06/08/2019 1 06/08/2019 Journal article